000 00314nam a2200121Ia 4500
005 20251222143209.0
008 251222s9999||||xx |||||||||||||| ||spa||
082 _a344.01/A44
100 _aEstudio Caballero Bustamante
245 0 _aGuía de Jurisprudencia Laboral
264 _bCaballero Bustamante
942 _cLIB
999 _c13356
_d13356